A woman's dilemma : Mercy Otis Warren and the American revolution /

Bibliographic Details
Main Author: Zagarri, Rosemarie, 1957-
Format: Book
Language:English
Published: Wheeling, Ill. : Harlan Davidson, [1995]
Series:American biographical history series.
Subjects:

MARC

Tag First Indicator Second Indicator Subfields
LEADER 00000cam a2200000 a 4500
001 in00001237363
005 20151003062417.0
008 940914s1995 iluab b 001 0beng
010 |a  94038205  
020 |a 0882959247 :  |c $11.95 
035 |a (OCoLC)31207014 
035 |9 AGS7666AM 
040 |a DLC  |c DLC  |d UtOrBLW 
043 |a n-us--- 
049 |a TXAM 
050 0 0 |a PS858.W8  |b Z97 1995 
082 0 0 |a 973.3/092  |a B  |2 20 
100 1 |a Zagarri, Rosemarie,  |d 1957- 
245 1 2 |a A woman's dilemma :  |b Mercy Otis Warren and the American revolution /  |c Rosemarie Zagarri. 
264 1 |a Wheeling, Ill. :  |b Harlan Davidson,  |c [1995] 
264 4 |c ©1995 
300 |a xviii, 187 pages :  |b illustrations, map ;  |c 20 cm. 
336 |a text  |b txt  |2 rdacontent 
337 |a unmediated  |b n  |2 rdamedia 
338 |a volume  |b nc  |2 rdacarrier 
490 1 |a American biographical history series 
504 |a Includes bibliographical references (pages 168-179) and index. 
600 1 0 |a Warren, Mercy Otis,  |d 1728-1814. 
651 0 |a United States  |x History  |y Revolution, 1775-1783  |x Women. 
650 0 |a Women authors, American  |y 18th century  |x Biography. 
650 0 |a Women historians  |z United States  |x Biography. 
830 0 |a American biographical history series. 
999 |a MARS 
999 f f |s 39df92cf-32d3-31d3-b027-c2f8907cafbd  |i 77fea432-2591-3d56-b4f4-ed730d6a1ffc  |t 0 
952 f f |p normal  |a Texas A&M University  |b College Station  |c Sterling C. Evans Library  |d Evans: Library Stacks  |t 0  |e PS858.W8 Z97 1995  |h Library of Congress classification  |i unmediated -- volume  |m A14819378425 
998 f f |a PS858.W8 Z97 1995  |t 0  |l Evans: Library Stacks